Defects and geometry in condensed matter physics

Saved in:
Bibliografiske detaljer
Hovedforfatter: Nelson, David R. (Author)
Format: Bog
Sprog:engelsk
Udgivet: Cambridge Cambridge University 2002
Udgivelse:1a. ed
Fag:
Tags: Tilføj Tag
Ingen Tags, Vær først til at tagge denne postø!

MARC

LEADER 00000nam a2200000 a 4500
001 UCL8271
003 CL-VaPUC
008 040618e20020000uk |||||||||||||||||eng|d
020 |a 0521004004 
082 0 4 |a 530.412  |b NEL  |2 21 
100 |a Nelson, David R.  |e author  |9 486176 
245 1 0 |a Defects and geometry in condensed matter physics 
250 |a 1a. ed 
300 |a 377 p 
942 |c BK 
945 |d 20040618 00:00:00  |a cmena 
260 |a Cambridge  |b Cambridge University  |c 2002 
650 7 |a FISICA DE LOS SOLIDOS  |2 CL-VaPUC  |9 345855 
650 7 |a PROPIEDADES OPTICAS  |2 CL-VaPUC  |9 486177 
650 0 |a Propiedades eléctricas   |9 271909 
650 0 |a Mecánica cuántica  |9 306806 
650 0 |a Física estadística  |9 260414 
650 0 |a Dinámica de fluidos  |9 260582 
583 |a last modification  |c 20130806 04:37:10  |k Rodrigo Vera 
999 |c 309626  |d 309624 
952 |0 0  |1 0  |4 0  |6 530_412000000000000_NEL_2002  |7 0  |8 A  |9 377249  |a BIBCUR  |b BIBCUR  |d 2019-11-21  |i 4026446  |o 530.412 NEL 2002  |p 4026446  |r 2025-04-22  |w 2019-11-21  |y BK  |k FIS